[Event "Aragon-ch Primera"]
[Site "Spain"]
[Date "2009.??.??"]
[Round "8"]
[White "Garcia Garcia, Cesar"]
[Black "Galarreta Abellan, Antonio"]
[Result "1/2-1/2"]
[WhiteElo "1736"]
[BlackElo "1726"]
[PlyCount "81"]
[EventDate "2009.??.??"]
[EventType "swiss"]
[EventRounds "9"]
[EventCountry "ESP"]
[SourceTitle "EXT 2013"]
[Source "ChessBase"]
[SourceDate "2012.11.22"]
[SourceVersion "1"]
[SourceVersionDate "2012.11.22"]
[SourceQuality "1"]

1. d4 d5 2. c4 e6 3. Nc3 c6 4. Nf3 Nd7 5. e3 Ngf6 6. Bd3 dxc4 7. Bxc4 b5 8. Bd3 a6 9. 0-0 Bb7 10. a3 c5 11. dxc5 Bxc5 12. b4 Be7 13. Bb2 0-0 14. Rc1 Rc8 15. Qe2 Qb6 16. Rfd1 Rfd8 17. Nb1 Rxc1 18. Rxc1 Bd6 19. Bd4 Bxf3 20. Qxf3 Qb8 21. h3 Be5 22. Bc3 Bxc3 23. Rxc3 Nd5 24. Rb3 Ne5 25. Qe2 Nxd3 26. Rxd3 Rc8 27. Qe1 Qc7 28. e4 Nb6 29. Rc3 Qd7 30. Rxc8+ Qxc8 31. Qc3 Qxc3 32. Nxc3 Nc4 33. a4 bxa4 34. Nxa4 Kf8 35. Nc5 a5 36. bxa5 Nxa5 37. f4 Ke7 38. Kf2 Nc6 39. Ke3 h5 40. g4 hxg4 41. hxg4 1/2-1/2

[Event "Aragon-ch Primera"]
[Site "Spain"]
[Date "2009.??.??"]
[Round "6"]
[White "Royo Onde, Manuel"]
[Black "Galarreta Abellan, Antonio"]
[Result "1-0"]
[WhiteElo "1834"]
[BlackElo "1726"]
[PlyCount "53"]
[EventDate "2009.??.??"]
[EventType "swiss"]
[EventRounds "9"]
[EventCountry "ESP"]
[SourceTitle "EXT 2013"]
[Source "ChessBase"]
[SourceDate "2012.11.22"]
[SourceVersion "1"]
[SourceVersionDate "2012.11.22"]
[SourceQuality "1"]

1. c4 e6 2. Nf3 d5 3. d4 c6 4. Nc3 Nd7 5. cxd5 exd5 6. Qc2 Ngf6 7. Bg5 Be7 8. e3 0-0 9. Bd3 h6 10. Bf4 Re8 11. g4 c5 12. g5 hxg5 13. Nxg5 cxd4 14. Bh7+ Kf8 15. Ne6+ fxe6 16. exd4 Nxh7 17. Qxh7 Nf6 18. Qg6 Bb4 19. Rg1 Qe7 20. 0-0-0 Qf7 21. Be5 Qxg6 22. Rxg6 Kf7 23. Rdg1 Bf8 24. Nb5 Bd7 25. Nd6+ Bxd6 26. Rxg7+ Kf8 27. Bxd6+ 1-0